|
|
|
|
| LEADER |
02961nam a22005775i 4500 |
| 001 |
978-3-319-00999-5 |
| 003 |
DE-He213 |
| 005 |
20151031111017.0 |
| 007 |
cr nn 008mamaa |
| 008 |
131010s2013 gw | s |||| 0|eng d |
| 020 |
|
|
|a 9783319009995
|9 978-3-319-00999-5
|
| 024 |
7 |
|
|a 10.1007/978-3-319-00999-5
|2 doi
|
| 040 |
|
|
|d GrThAP
|
| 050 |
|
4 |
|a QP34-38
|
| 072 |
|
7 |
|a MFG
|2 bicssc
|
| 072 |
|
7 |
|a MED075000
|2 bisacsh
|
| 082 |
0 |
4 |
|a 612
|2 23
|
| 245 |
1 |
0 |
|a Reviews of Physiology, Biochemistry and Pharmacology, Vol. 165
|h [electronic resource] /
|c edited by Bernd Nilius, Susan G. Amara, Thomas Gudermann, Reinhard Jahn, Roland Lill, Stefan Offermanns, Ole H. Petersen.
|
| 264 |
|
1 |
|a Cham :
|b Springer International Publishing :
|b Imprint: Springer,
|c 2013.
|
| 300 |
|
|
|a V, 96 p. 12 illus., 9 illus. in color.
|b online resource.
|
| 336 |
|
|
|a text
|b txt
|2 rdacontent
|
| 337 |
|
|
|a computer
|b c
|2 rdamedia
|
| 338 |
|
|
|a online resource
|b cr
|2 rdacarrier
|
| 347 |
|
|
|a text file
|b PDF
|2 rda
|
| 490 |
1 |
|
|a Reviews of Physiology, Biochemistry and Pharmacology,
|x 0303-4240 ;
|v 165
|
| 505 |
0 |
|
|a T. Büch, E. Schäfer, D. Steinritz, A. Dietrich, T. Gudermann: Chemosensory TRP Channels in the Respiratory Tract: Role in Toxic Lung Injury and Potential as "Sweet Spots" for Targeted Therapies -- D.C. Zebrowski and F. B. Engel: The Cardiomyocyte Cell Cycle in Hypertrophy, Tissue Homeostasis, and Regeneration -- P. Hegyi and O.H. Petersen: The Exocrine Pancreas: The Acinar -Ductal Tango in Physiology and Pathophysiology. .
|
| 520 |
|
|
|a T. Büch, E. Schäfer, D. Steinritz, A. Dietrich, T. Gudermann: Chemosensory TRP Channels in the Respiratory Tract: Role in Toxic Lung Injury and Potential as "Sweet Spots" for Targeted Therapies. D.C. Zebrowski and F. B. Engel: The Cardiomyocyte Cell Cycle in Hypertrophy, Tissue Homeostasis, and Regeneration. P. Hegyi and O.H. Petersen: The Exocrine Pancreas: The Acinar -Ductal Tango in Physiology and Pathophysiology. .
|
| 650 |
|
0 |
|a Medicine.
|
| 650 |
|
0 |
|a Human physiology.
|
| 650 |
|
0 |
|a Pharmacology.
|
| 650 |
|
0 |
|a Cardiology.
|
| 650 |
|
0 |
|a Respiratory organs
|x Diseases.
|
| 650 |
1 |
4 |
|a Biomedicine.
|
| 650 |
2 |
4 |
|a Human Physiology.
|
| 650 |
2 |
4 |
|a Pharmacology/Toxicology.
|
| 650 |
2 |
4 |
|a Cardiology.
|
| 650 |
2 |
4 |
|a Pneumology/Respiratory System.
|
| 700 |
1 |
|
|a Nilius, Bernd.
|e editor.
|
| 700 |
1 |
|
|a Amara, Susan G.
|e editor.
|
| 700 |
1 |
|
|a Gudermann, Thomas.
|e editor.
|
| 700 |
1 |
|
|a Jahn, Reinhard.
|e editor.
|
| 700 |
1 |
|
|a Lill, Roland.
|e editor.
|
| 700 |
1 |
|
|a Offermanns, Stefan.
|e editor.
|
| 700 |
1 |
|
|a Petersen, Ole H.
|e editor.
|
| 710 |
2 |
|
|a SpringerLink (Online service)
|
| 773 |
0 |
|
|t Springer eBooks
|
| 776 |
0 |
8 |
|i Printed edition:
|z 9783319009988
|
| 830 |
|
0 |
|a Reviews of Physiology, Biochemistry and Pharmacology,
|x 0303-4240 ;
|v 165
|
| 856 |
4 |
0 |
|u http://dx.doi.org/10.1007/978-3-319-00999-5
|z Full Text via HEAL-Link
|
| 912 |
|
|
|a ZDB-2-SBL
|
| 950 |
|
|
|a Biomedical and Life Sciences (Springer-11642)
|